Logo BPK

Biblioteka

Politechniki Koszalińskiej

Checkhov criticism : (Rekord nr 47690)

Szczegóły MARC
000 -ETYKIETA REKORDU
podpole kontrolne o stałej długości 00710nam a2200229 i 4500
001 - NUMER KONTROLNY REKORDU
pole kontrolne bgj
020 ## - MIĘDZYNARODOWY ZNORMALIZOWANY NUMER KSIĄŻKI - ISBN
ISBN 0899503551
040 ## - ŹRÓDŁO KATALOGOWANIA
Instytucja, która utworzyła rekord BPK
041 0# - KOD JĘZYKA
Kod języka tekstu eng
920 ## - Międzynarodowy znormalizowany numer książki – ISBN
ISBN 0-89950-355-1
008 - POLE O STAŁEJ DŁUGOŚCI - DANE KONTROLNE
podpole kontrolne o stałej długości s uk f |000 0 eng
100 1# - NAZWA OSOBOWA
Nazwa osobowa MEISTER, Charles W.
245 10 - TYTUŁ/ODPOWIEDZIALNOŚĆ
Tytuł Checkhov criticism :
Ciąg dalszy tytułu 1880 through 1986 /
Pozostałe elementy strefy tytułu i oznaczenia odpowiedzialności by Charles W. Meister.
260 ## - STREFA ADRESU WYDAWNICZEGO
Miejsce wydania Jefferson :
Nazwa wydawcy/dystrybutora McFarland & Company, Inc. Publishers,
Data publikacji, dystrybucji/powstania dokumentu cop. 1988
Miejsce wydania London.
300 ## - STREFA OPISU FIZYCZNEGO
Objętość X, 350 pp ;
Rozmiary 24 cm.
504 ## - UWAGA DOTYCZĄCA BIBLIOGRAFII
Informacje o bibliografii Bibliography p. 331-334.
505 ## - SFORMALIZOWANA UWAGA DOTYCZĄCA ZAWARTOŚCI
Pełny tekst uwagi Includes index.
600 19 - HASŁO PRZEDMIOTOWE W FORMIE NAZWY OSOBOWEJ
Nazwa osobowa CHEKHOV, Anton Pavlovich, 1860-1904
600 19 - HASŁO PRZEDMIOTOWE W FORMIE NAZWY OSOBOWEJ
Nazwa osobowa CHEKHOV, Anton Pavlovich, 1860-1904
Określnik ogólny Plots
655 ## - TERMIN INDEKSOWY - OKREŚLENIE RODZAJU/FORMY DOKUMENTU
Określenie rodzaju/formy dokumentu Criticism and interpretation
856 ## - LOKALIZACJA I DOSTĘP DO ELEKTRONICZNYCH DOKUMENTÓW ZDALNYCH
Link (URL) http://koha.tu.koszalin.pl/cgi-bin/koha/opac-detail.pl?biblionumber=47690
Tekst linku Katalog online BPK
942 ## - DODATKOWE ELEMENTY (KOHA)
Typ dokumentu Książka
Egzemplarze
Wycofany Status egzemplarza Uszkodzony Dostępność Lokalizacja stała Lokalizacja bieżąca Miejsce przechowywania Sygnatura Kod kreskowy Typ dokumentu
      Dostępny Biblioteka Politechniki Koszalińskiej Biblioteka Politechniki Koszalińskiej Wypożyczalnia Językowa KA 4233 09086234 Książka
      Dostępny Biblioteka Politechniki Koszalińskiej Biblioteka Politechniki Koszalińskiej Wypożyczalnia Językowa KA 4234 09086180 Książka
© 2023 Biblioteka Politechniki Koszalińskiej :: KOHA